Statistics for Super Smash Bros. Ultimate Franchises With Only 1 Fighter

Click here to take the quiz!

General Stats

  • This quiz has been taken 298 times
    (108 since last reset)
  • The average score is 15 of 24

Answer Stats

Fighter NumberFranchise % Correct
5Yoshi
94%
11F-Zero
77%
38Sonic
73%
82Kingdom Hearts
70%
63Bayonetta
69%
71Persona
69%
77Minecraft
68%
15Ice Climber
66%
55PAC-MAN
66%
81Tekken
66%
30Wario
65%
26Game & Watch
64%
76ARMS
62%
72Dragon Quest
62%
46Mega Man
62%
73Banjo-Kazooie
60%
31Metal Gear Solid
60%
74Fatal Fury
58%
64Splatoon
57%
59Duck Hunt
56%
42R.O.B.
56%
47Wii Fit
56%
49Punch-Out!!
52%
40Pikmin
44%

Score Distribution

Percentile by Number Answered

Percent of People with Each Score

Your Score History

You have not taken this quiz since the last reset